Amanhã, quando a guerra começou (Record no. 75471)

MARC details
000 -LÍDER
campo de controle de tamanho fixo 00380 a2200157 4500
001 - NÚMERO DE CONTROLE
campo de controle 75471
020 ## - ISBN - INTERNATIONAL STANDARD BOOK NUMBER
ISBN - International Standard Book Number 9788576762218
040 ## - FONTE DA CATALOGAÇÃO
Instituição que transcreveu o registro Anchieta - Colégio São Paulo
100 ## - ENTRADA PRINCIPAL--NOME PESSOAL
Nome pessoal Marsden, John
240 10 - TÍTULO UNIFORME
Título uniforme Amanhã, quando a guerra começou
Idioma da obra por
245 10 - TÍTULO
Título Amanhã, quando a guerra começou
300 ## - DESCRIÇÃO FÍSICA
Extensão 251
362 0# - DATAS DE PUBLICAÇÃO E/OU DESIGNAÇÃO SEQUENCIAL
Datas de publicação e/ou designação sequencial 2008
650 #4 - ASSUNTO--TERMO TÓPICO
Cabeçalho tópico ou nome geográfico Literatura juvenil
942 ## - ELEMENTOS DE ENTRADA ADICIONADOS (KOHA)
Tipo de material Koha Livros
Holdings
Situação do descarte Situação das perdas Fonte da classificação ou esquema de arquivamento na estante Situação física Não pode ser emprestado Biblioteca de origem Biblioteca atual Data de aquisição Total de empréstimos Código de barras Data de último acesso Data do preço efetivo Tipo de material Koha Nota pública
    Classificação Decimal de Dewey     Novo Tempo - Aureliano São José Novo Tempo - Aureliano São José 15/07/2024   fm352 15/07/2024 15/07/2024 Livros FD2/EM